Statystyki dla 10 najkrótszych torów F1 2022

Kliknij tutaj aby rozwiązać quiz!

Ogólne statystyki

  • Ten quiz został rozwiązany 53 razy
  • Średni wynik to 7 z 10

Statystyki odpowiedzi

TorDługość toru w km% Poprawnych
Circuit de Monaco3,340
91%
Autodromo Enzo e Dino Ferrari4,909
79%
Red Bull Ring4,326
72%
Hungaroring4,381
70%
Circuit de Barcelona-Catalunya4,63
65%
Circuit Park Zandvoort4,259
65%
Autódromo Hermanos Rodríguez4,305
63%
Circuit Gilles Villeneuve4,36
60%
Autódromo José Carlos Pace4,309
58%
Marina Bay Street Circuit4,928
56%

Rozkład punktacji

Percentyl według liczby udzielonych odpowiedzi

Procent ludzi z każdym wynikiem

Twoja historia wyników

Nie rozwiązałeś tego quizu